Królowie Polski - nagła śmierć - Statystyki

Ogólne statystyki
  • Ten quiz został rozwiązany 28 584 razy
  • Średni wynik to 6 z 24
Answers on the Grid
Answers color-coded by a green-red scale on the quiz's grid according to % correct below.
Aleksander I Jagiellończyk
August II Mocny
Bolesław I Chrobry
Bolesław II Szczodry
Bolesław III Krzywousty
Bolesław IV Kędzierzawy
Henryk III Walezy
Ignacy Mościcki
Jadwiga Andegaweńska
Jakub Szela
Jan I Olbracht
Jan II Kazimierz Waza
Jan III Sobieski
Józef Piłsudski
Józef Wybicki
Juliusz Słowacki
Kazimierz I Odnowiciel
Kazimierz II Sprawiedliwy
Kazimierz III Wielki
Konrad I Mazowiecki
Ludwik Węgierski
Michał Korybut Wiśniowiecki
Mieszko I
Mieszko II Lambert
Mikołaj Kopernik
Przemysł II
Romuald Traugutt
Stanisław August Poniatowski
Stanisław Staszic
Stefan Batory
Tadeusz Kościuszko
Wacław II
Wacław III
Władysław I Herman
Władysław I Łokietek
Władysław II Jagiełło
Władysław III Warneńczyk
Władysław IV Waza
Zygmunt I Stary
Zygmunt II August
 
Statystyki odpowiedzi
Odpowiedź % Poprawnych
Bolesław I Chrobry
81%
August II Mocny
53%
Aleksander I Jagiellończyk
48%
Bolesław II Szczodry
42%
Jan III Sobieski
33%
Henryk III Walezy
31%
Zygmunt I Stary
27%
Władysław II Jagiełło
26%
Zygmunt II August
25%
Jadwiga Andegaweńska
24%
Kazimierz III Wielki
24%
Stanisław August Poniatowski
24%
Jan II Kazimierz Waza
23%
Władysław I Łokietek
23%
Jan I Olbracht
22%
Władysław IV Waza
21%
Stefan Batory
20%
Władysław III Warneńczyk
18%
Mieszko II Lambert
16%
Michał Korybut Wiśniowiecki
15%
Ludwik Węgierski
14%
Przemysł II
13%
Wacław II
12%
Wacław III
10%
Nie znaleziono quizów pasujących do podanych kryteriów
Rozkład punktacji
Procent ludzi z każdym wynikiem
Percentyl według liczby udzielonych odpowiedzi
Twoja historia wyników
Nie rozwiązałeś tego quizu